[Event "Madrid-ch sub-18 2008-2009"]
[Site "Madrid ESP"]
[Date "2009.01.04"]
[Round "8.4"]
[White "Adan Bermudez, Sergio"]
[Black "De La Esperanza Martin, Alberto"]
[Result "1-0"]
[WhiteElo "2227"]
[BlackElo "1636"]
[PlyCount "55"]
[EventDate "2008.12.26"]
[EventType "swiss"]
[EventRounds "9"]
[EventCountry "ESP"]
[Source "lmi"]
[SourceDate "2008.12.26"]

1. c4 e6 2. Nf3 d5 3. b3 Nf6 4. g3 c6 5. Bg2 Nbd7 6. Bb2 Bd6 7. O-O O-O 8. d4
Re8 9. Ne5 Qc7 10. f4 c5 11. e3 b6 12. Nc3 Bb7 13. g4 Ne4 14. Nb5 Qc8 15. Bxe4
Bxe5 16. dxe5 dxe4 17. Nd6 Qc7 18. Nxe8 Rxe8 19. Qd2 h6 20. Rad1 Bc6 21. Qd6
Qc8 22. f5 Qb7 23. Rd2 Qb8 24. Rg2 Nf8 25. Qd2 exf5 26. gxf5 Nd7 27. e6 Nf6 28.
Bxf6 1-0

[Event "Madrid-ch sub-18 2008-2009"]
[Site "Madrid ESP"]
[Date "2009.01.04"]
[Round "8.5"]
[White "Corisco Beltran, Rafael"]
[Black "Rodriguez Centenera, Sara"]
[Result "1/2-1/2"]
[WhiteElo "1734"]
[BlackElo "1663"]
[PlyCount "134"]
[EventDate "2008.12.26"]
[EventType "swiss"]
[EventRounds "9"]
[EventCountry "ESP"]
[Source "lmi"]
[SourceDate "2008.12.26"]

1. e4 d6 2. d4 Nf6 3. Nc3 e5 4. dxe5 dxe5 5. Qxd8+ Kxd8 6. Bg5 h6 7. Bh4 Be6 8.
O-O-O+ Nbd7 9. f4 Bg4 10. Be2 Bxe2 11. Ngxe2 Ke8 12. fxe5 Nxe5 13. Bxf6 gxf6
14. Nd5 Rc8 15. Nxf6+ Ke7 16. Nd5+ Ke8 17. Rhf1 Bg7 18. Nd4 Nc4 19. Nf6+ Ke7
20. Nf5+ Kxf6 21. Nd6+ Kg6 22. Nxc4 Rcd8 23. Rf3 Rxd1+ 24. Kxd1 Re8 25. Re3 b5
26. Na3 a6 27. c3 c5 28. Nc2 Be5 29. g3 h5 30. Ne1 Bg7 31. Nf3 Bh6 32. Nh4+ Kh7
33. Re2 c4 34. Nf5 Bf8 35. Ke1 Bc5 36. Nd4 b4 37. Kf2 Rd8 38. Rd2 bxc3 39. bxc3
Bb6 40. Kf3 Ba5 41. Rc2 Bxc3 42. Rxc3 Rxd4 43. Ke3 Rd1 44. Rxc4 Rh1 45. Rc2 Kg6
46. Rf2 f6 47. Kf4 Re1 48. Kf3 Kg5 49. h4+ Kh6 50. Re2 Rc1 51. Kf4 Rf1+ 52. Ke3
Rg1 53. Kf3 Rc1 54. Rf2 Rc3+ 55. Kf4 Kg6 56. Re2 Rc4 57. g4 Rc5 58. gxh5+ Rxh5
59. Kg4 Re5 60. Rg2 Kh6 61. Kf4 Kh5 62. Rg8 a5 63. Rh8+ Kg6 64. h5+ Kg7 65. Rd8
Rxh5 66. Rd5 Rxd5 67. exd5 Kf7 1/2-1/2

[Event "Madrid-ch sub-18 2008-2009"]
[Site "Madrid ESP"]
[Date "2009.01.04"]
[Round "8.6"]
[White "Suarez Uriel, Adrian"]
[Black "Tarin Casado, Francisco"]
[Result "1/2-1/2"]
[WhiteElo "2123"]
[BlackElo "1849"]
[PlyCount "60"]
[EventDate "2008.12.26"]
[EventType "swiss"]
[EventRounds "9"]
[EventCountry "ESP"]
[Source "lmi"]
[SourceDate "2008.12.26"]

1. e4 c6 2. d4 d5 3. Nc3 dxe4 4. Nxe4 Bf5 5. Ng3 Bg6 6. h4 h6 7. Nf3 Nd7 8. Bd3
Bxd3 9. Qxd3 e6 10. h5 Qc7 11. Bd2 Ngf6 12. O-O-O O-O-O 13. c4 Bd6 14. Ne4 Nxe4
15. Qxe4 Nf6 16. Qe2 c5 17. Bc3 Kb8 18. Kb1 Qc6 19. Ne5 Bxe5 20. Qxe5+ Ka8 21.
f3 cxd4 22. Rxd4 Rxd4 23. Qxd4 Rc8 24. Rh4 b5 25. cxb5 Qxb5 26. Rh1 Nd5 27. Rc1
e5 28. Qd2 f6 29. Bxe5 Rxc1+ 30. Qxc1 fxe5 1/2-1/2

[Event "Madrid-ch sub-18 2008-2009"]
[Site "Madrid ESP"]
[Date "2009.01.04"]
[Round "8.8"]
[White "Morona Minguez, Irene"]
[Black "Sotnikov, Taras"]
[Result "1-0"]
[WhiteElo "1750"]
[BlackElo "1920"]
[PlyCount "79"]
[EventDate "2008.12.26"]
[EventType "swiss"]
[EventRounds "9"]
[EventCountry "ESP"]
[Source "lmi"]
[SourceDate "2008.12.26"]

1. e4 e5 2. Nf3 Nc6 3. Bb5 f5 4. d3 fxe4 5. dxe4 Nf6 6. Nc3 Bb4 7. Bg5 d6 8.
Qd3 Be6 9. O-O-O a6 10. Bc4 Bxc4 11. Qxc4 Bxc3 12. bxc3 Qd7 13. Kb1 b5 14. Qb3
Na5 15. Qb4 Nc4 16. a3 Nxe4 17. Nxe5 Qf5 18. Nxc4 bxc4 19. Bh4 Kd7 20. Qxc4
Rhb8+ 21. Ka1 g5 22. Bg3 Nxg3 23. hxg3 Qxc2 24. Rb1 Rxb1+ 25. Rxb1 Re8 26. Qg4+
Re6 27. Qf3 Re5 28. Qf7+ Kc6 29. Qc4+ Rc5 30. Qxa6+ Kd7 31. Qb7 Qxc3+ 32. Qb2
Qd3 33. Qb4 Rc2 34. Qg4+ Kc6 35. Qa4+ Kd5 36. Qa8+ c6 37. Qg8+ Kd4 38. Rb4+ Kc5
39. Qxg5+ Qd5 40. Qe3+ 1-0

[Event "Madrid-ch sub-18 2008-2009"]
[Site "Madrid ESP"]
[Date "2009.01.04"]
[Round "8.11"]
[White "Dominguez Alfara, Miguel"]
[Black "Jimenez Rodriguez, Alfonso"]
[Result "1/2-1/2"]
[WhiteElo "1621"]
[BlackElo "1908"]
[PlyCount "120"]
[EventDate "2008.12.26"]
[EventType "swiss"]
[EventRounds "9"]
[EventCountry "ESP"]
[Source "lmi"]
[SourceDate "2008.12.26"]

1. d4 Nf6 2. Nf3 d5 3. e3 e6 4. c4 c6 5. b3 Nbd7 6. Bb2 Ne4 7. c5 b6 8. b4 a5
9. a3 axb4 10. axb4 Rxa1 11. Bxa1 Qc7 12. Bd3 Qa7 13. Nbd2 f5 14. O-O Be7 15.
Qc2 b5 16. Bb2 Qc7 17. Nb3 O-O 18. Na5 Rf6 19. Ra1 Bb7 20. Bc1 Rf8 21. Ra3 Bf6
22. Qa2 Ra8 23. Qe2 Kf7 24. Qa2 Kg8 25. Nd2 e5 26. Bxe4 fxe4 27. Nxe4 Be7 28.
dxe5 Nxe5 29. Ng3 Kf8 30. Bb2 Rb8 31. Nf5 g6 32. Nxe7 Qxe7 33. Nxb7 Rxb7 34.
Ra8+ Kf7 35. Bxe5 Qxe5 36. Ra7 Qe7 37. Rxb7 Qxb7 38. h3 Qe7 39. Qb2 Qe4 40. Qd4
Qf5 41. Qg4 Kf6 42. Qxf5+ Kxf5 43. Kf1 Ke4 44. Ke2 d4 45. g4 g5 46. f4 gxf4 47.
exf4 Kxf4 48. Kd3 Kg3 49. Kxd4 Kxh3 50. Ke5 Kxg4 51. Kd6 h5 52. Kxc6 h4 53.
Kxb5 h3 54. c6 h2 55. c7 h1=Q 56. c8=Q+ Kf4 57. Qf8+ Ke5 58. Qc5+ Kf4 59. Qd4+
Kf5 60. Qd7+ Ke5 1/2-1/2

[Event "Madrid-ch sub-18 2008-2009"]
[Site "Madrid ESP"]
[Date "2009.01.04"]
[Round "8.12"]
[White "Beneitez Galan, Miguel"]
[Black "Ananian, Arman"]
[Result "1/2-1/2"]
[WhiteElo "1710"]
[BlackElo "1562"]
[PlyCount "87"]
[EventDate "2008.12.26"]
[EventType "swiss"]
[EventRounds "9"]
[EventCountry "ESP"]
[Source "lmi"]
[SourceDate "2008.12.26"]

1. c4 e5 2. Nc3 Nf6 3. g3 Nc6 4. Bg2 Bc5 5. e3 d6 6. Nge2 O-O 7. O-O Bf5 8. Re1
Rb8 9. a3 a5 10. d4 Bb6 11. d5 Ne7 12. e4 Bg6 13. Bg5 Nc8 14. Qc1 h6 15. Be3
Bxe3 16. Qxe3 c6 17. h3 Nb6 18. b3 cxd5 19. Nxd5 Nfxd5 20. exd5 a4 21. Be4 f5
22. Bc2 f4 23. Qd2 Bxc2 24. Qxc2 f3 25. Nc3 axb3 26. Qxb3 Qc8 27. g4 Nxc4 28.
Rad1 Rf4 29. Re4 Rxe4 30. Nxe4 b5 31. Qxf3 Qa6 32. Rd3 Rf8 33. Qg3 Rf4 34. Nd2
Nxd2 35. Rxd2 Qa5 36. Rd3 Qe1+ 37. Kg2 Qe2 38. Re3 Qc4 39. Rd3 Rd4 40. Rxd4
Qxd4 41. Qb3 Qc5 42. Qf3 Qc4 43. Kg1 e4 44. Qf5 1/2-1/2

[Event "Madrid-ch sub-18 2008-2009"]
[Site "Madrid ESP"]
[Date "2009.01.05"]
[Round "9.1"]
[White "Nieto De La Cruz, Julio"]
[Black "Arauz Alonso, Fernando"]
[Result "0-1"]
[WhiteElo "2022"]
[BlackElo "2098"]
[PlyCount "98"]
[EventDate "2008.12.26"]
[EventType "swiss"]
[EventRounds "9"]
[EventCountry "ESP"]
[Source "lmi"]
[SourceDate "2008.12.26"]

1. d4 d5 2. Nf3 Nf6 3. c4 dxc4 4. Nc3 a6 5. a4 Nc6 6. e4 Bg4 7. e5 Bxf3 8. gxf3
Nd5 9. Be3 e6 10. Bxc4 Nxe3 11. fxe3 Nxe5 12. Bxe6 Qh4+ 13. Kf1 fxe6 14. dxe5
Rd8 15. Qe2 Qh3+ 16. Kf2 Qh4+ 17. Kf1 Qh3+ 18. Kf2 Be7 19. Ne4 Qf5 20. Ng3 Qxe5
21. f4 O-O 22. Rhd1 Qc5 23. Rac1 Qb6 24. Kg2 a5 25. Nh5 Rd5 26. Kh1 Rxd1+ 27.
Rxd1 Qc6+ 28. Kg1 Rd8 29. Rf1 g6 30. Ng3 Qd5 31. Qg4 Bc5 32. Re1 c6 33. Qe2 Bb4
34. Rf1 Qd2 35. Rf2 Qxe2 36. Nxe2 Bc5 37. Rf3 Rd2 38. Nd4 Bxd4 39. exd4 Rxd4
40. Rb3 Rb4 41. Rxb4 axb4 42. Kf2 Kf7 43. Ke3 Kf6 44. a5 c5 45. Kd3 Kf5 46. Kc4
Kxf4 47. Kxc5 e5 48. Kxb4 e4 49. Kc5 e3 0-1

[Event "Madrid-ch sub-18 2008-2009"]
[Site "Madrid ESP"]
[Date "2009.01.05"]
[Round "9.2"]
[White "Gago Padreny, Ignacio"]
[Black "Martin Duque, Jesus"]
[Result "1-0"]
[WhiteElo "2216"]
[BlackElo "1696"]
[PlyCount "95"]
[EventDate "2008.12.26"]
[EventType "swiss"]
[EventRounds "9"]
[EventCountry "ESP"]
[Source "lmi"]
[SourceDate "2008.12.26"]

1. d4 d5 2. Nf3 e6 3. c4 c5 4. cxd5 exd5 5. Nc3 Nc6 6. g3 Nf6 7. Bg2 Be7 8. O-O
O-O 9. Bg5 c4 10. Ne5 Be6 11. Nxc6 bxc6 12. b3 Qa5 13. Na4 Rac8 14. Rc1 Rfd8
15. Qc2 h6 16. Bd2 Qa6 17. Rfe1 Ba3 18. Rcd1 c5 19. dxc5 Bxc5 20. Nxc5 Rxc5 21.
b4 Rcc8 22. Bc3 Qb6 23. Rd4 Rd7 24. e3 Ng4 25. e4 dxe4 26. Rxd7 Bxd7 27. Bxe4
Nf6 28. Bg2 Qd6 29. Rd1 Bf5 30. Qa4 Bd7 31. Rxd6 Bxa4 32. Ra6 Bc2 33. Rxa7 Rd8
34. Ra8 Rxa8 35. Bxa8 Ba4 36. Kf1 Kf8 37. Ke2 Ke7 38. Bxf6+ Kxf6 39. Kd2 Ke5
40. Kc3 Bb5 41. Bf3 f6 42. Bd1 Kd5 43. a4 Ba6 44. Bf3+ Kd6 45. b5 Bc8 46. Kxc4
Be6+ 47. Kb4 Kc7 48. Kc5 1-0

[Event "Madrid-ch sub-18 2008-2009"]
[Site "Madrid ESP"]
[Date "2009.01.05"]
[Round "9.3"]
[White "Fernandez Lledo, Javier"]
[Black "Adan Bermudez, Sergio"]
[Result "0-1"]
[WhiteElo "1911"]
[BlackElo "2227"]
[PlyCount "66"]
[EventDate "2008.12.26"]
[EventType "swiss"]
[EventRounds "9"]
[EventCountry "ESP"]
[Source "lmi"]
[SourceDate "2008.12.26"]

1. e4 c5 2. Nf3 Nc6 3. d4 cxd4 4. Nxd4 Qb6 5. Nb3 Nf6 6. Nc3 e6 7. Bd3 a6 8.
O-O Qc7 9. Be3 b5 10. a3 Ne5 11. f4 Nc4 12. Bxc4 bxc4 13. Nd4 d6 14. e5 dxe5
15. fxe5 Qxe5 16. Qf3 Bd6 17. g3 O-O 18. Rfe1 Bd7 19. Rad1 Bc5 20. Bf2 Qc7 21.
g4 e5 22. Nf5 Bxf2+ 23. Kxf2 Qb6+ 24. Kf1 Bxf5 25. gxf5 Qxb2 26. Rd2 Rad8 27.
Rg2 Rd4 28. Ne2 Re4 29. h3 Qxc2 30. Qg3 g6 31. Qg5 Kg7 32. Kg1 Qd3 33. Kh2 Qe3
0-1

[Event "Madrid-ch sub-18 2008-2009"]
[Site "Madrid ESP"]
[Date "2009.01.05"]
[Round "9.4"]
[White "Madurga Lopez, Ignacio"]
[Black "Corisco Beltran, Rafael"]
[Result "0-1"]
[WhiteElo "1817"]
[BlackElo "1734"]
[PlyCount "64"]
[EventDate "2008.12.26"]
[EventType "swiss"]
[EventRounds "9"]
[EventCountry "ESP"]
[Source "lmi"]
[SourceDate "2008.12.26"]

1. a3 d5 2. Nf3 c5 3. c4 Nf6 4. e3 e6 5. cxd5 exd5 6. d4 cxd4 7. Nxd4 Nc6 8.
Be2 a6 9. O-O Bd6 10. b4 O-O 11. Bb2 Qc7 12. h3 Qe7 13. Nd2 Nxd4 14. Bxd4 Bf5
15. Nb3 Rac8 16. Bd3 Ne4 17. Qe2 Qd7 18. g4 Be6 19. Rfd1 Nc3 20. Bxc3 Rxc3 21.
Nd4 Rfc8 22. f4 Qe7 23. Kg2 Bd7 24. Qd2 Qh4 25. Nf5 Bxf5 26. Bxf5 Bxf4 27. Qe1
Rc2+ 28. Bxc2 Rxc2+ 29. Kg1 Qxh3 30. Qf2 Bxe3 31. Rf1 Bxf2+ 32. Rxf2 Qg3+ 0-1

[Event "Madrid-ch sub-18 2008-2009"]
[Site "Madrid ESP"]
[Date "2009.01.05"]
[Round "9.5"]
[White "Rodriguez Centenera, Sara"]
[Black "Suarez Uriel, Adrian"]
[Result "0-1"]
[WhiteElo "1663"]
[BlackElo "2123"]
[PlyCount "72"]
[EventDate "2008.12.26"]
[EventType "swiss"]
[EventRounds "9"]
[EventCountry "ESP"]
[Source "lmi"]
[SourceDate "2008.12.26"]

1. d4 d5 2. c4 e6 3. Nc3 c6 4. Nf3 dxc4 5. a4 Bb4 6. e3 b5 7. axb5 cxb5 8. Ne5
Bb7 9. Bd2 a6 10. Qg4 g6 11. Be2 Nf6 12. Qg3 Nbd7 13. Rd1 Nxe5 14. dxe5 Nd7 15.
O-O Be7 16. e4 O-O 17. f4 Qc7 18. Be3 Rfd8 19. Bf3 Nc5 20. f5 exf5 21. exf5
Bxf3 22. gxf3 Nd3 23. fxg6 Qxe5 24. gxh7+ Kh8 25. Qxe5+ Nxe5 26. Bd4 Rxd4 27.
Rxd4 Bc5 28. Ne2 Rd8 29. f4 Nc6 30. Kg2 Nxd4 31. Nc3 Kxh7 32. Ra1 Rg8+ 33. Kh3
Rg6 34. Ne4 Be7 35. Rd1 Ne2 36. Rf1 Ng1+ 0-1

[Event "Madrid-ch sub-18 2008-2009"]
[Site "Madrid ESP"]
[Date "2009.01.05"]
[Round "9.6"]
[White "Tarin Casado, Francisco"]
[Black "Morona Minguez, Irene"]
[Result "0-1"]
[WhiteElo "1849"]
[BlackElo "1750"]
[PlyCount "70"]
[EventDate "2008.12.26"]
[EventType "swiss"]
[EventRounds "9"]
[EventCountry "ESP"]
[Source "lmi"]
[SourceDate "2008.12.26"]

1. b3 d5 2. Bb2 Nf6 3. e3 Bf5 4. f4 e6 5. Nf3 Bd6 6. h3 h6 7. Be2 c5 8. d3 O-O
9. O-O Nc6 10. Nbd2 Bh7 11. g4 d4 12. Nc4 Nd5 13. Nfe5 Nxe5 14. fxe5 Be7 15.
exd4 b5 16. Rf3 bxc4 17. bxc4 Nb6 18. dxc5 Bxc5+ 19. d4 Be7 20. a4 a5 21. Rb3
Rc8 22. c5 Nd5 23. Bc1 Nb4 24. Qd2 Nxc2 25. Ra2 Qxd4+ 26. Qxd4 Nxd4 27. Rb7
Bxc5 28. Kh2 Nxe2 29. Rxe2 Bb4 30. Be3 Rc2 31. Rxc2 Bxc2 32. g5 hxg5 33. Bxg5
Bxa4 34. h4 Rc8 35. h5 Bc3 0-1

[Event "Madrid-ch sub-18 2008-2009"]
[Site "Madrid ESP"]
[Date "2009.01.05"]
[Round "9.9"]
[White "Sotnikov, Taras"]
[Black "Dominguez Alfara, Miguel"]
[Result "1-0"]
[WhiteElo "1920"]
[BlackElo "1621"]
[PlyCount "63"]
[EventDate "2008.12.26"]
[EventType "swiss"]
[EventRounds "9"]
[EventCountry "ESP"]
[Source "lmi"]
[SourceDate "2008.12.26"]

1. f4 d5 2. g3 e6 3. Nf3 Bd6 4. Bg2 c5 5. O-O Nf6 6. d3 Nbd7 7. c3 b6 8. Nbd2
Bb7 9. Qc2 e5 10. Nxe5 Nxe5 11. fxe5 Bxe5 12. e4 O-O 13. Nf3 Bc7 14. e5 Nd7 15.
d4 Rc8 16. Ng5 g6 17. Bh3 Qe7 18. Qa4 a6 19. Qxd7 Qxd7 20. Bxd7 Rcd8 21. e6
fxe6 22. Rxf8+ Rxf8 23. Bxe6+ Kg7 24. Bg4 Kg8 25. Ne6 Rf7 26. Nxc7 Rxc7 27. Bh6
Kf7 28. Rf1+ Ke7 29. Bg5+ Ke8 30. Re1+ Kf8 31. Bf4 Rf7 32. Bh6+ 1-0

[Event "Madrid-ch sub-18 2008-2009"]
[Site "Madrid ESP"]
[Date "2009.01.05"]
[Round "9.12"]
[White "Jimenez Rodriguez, Alfonso"]
[Black "Martinez Vazquez, Juan Jose"]
[Result "1-0"]
[WhiteElo "1908"]
[BlackElo "1521"]
[PlyCount "32"]
[EventDate "2008.12.26"]
[EventType "swiss"]
[EventRounds "9"]
[EventCountry "ESP"]
[Source "lmi"]
[SourceDate "2008.12.26"]

1. e4 e5 2. Nf3 Nc6 3. Bc4 Nf6 4. Ng5 d5 5. exd5 Nxd5 6. Qf3 Qxg5 7. Bxd5 Be6
8. Bxc6+ bxc6 9. Qxc6+ Ke7 10. Qxa8 Kd7 11. Qf3 Bd6 12. O-O Rf8 13. d4 Qg6 14.
dxe5 Bxe5 15. Qd3+ Ke7 16. Qxg6 fxg6 1-0